000 00360pab a2200157 454500
008 180718b1997 xxu||||| |||| 00| 0 eng d
100 _aPatel, A.R.
245 _aRural banking: performance and challenges
260 _c1997
300 _ap.44-46
362 _aSep
650 _aBanks - India
650 _aBanks
773 _aKurukshetra
909 _a35524
999 _c35524
_d35524